00781nam a2200217 i 450000100060000000300080000600500170001400800390003103500190007004000270008904100080011608200270012410000470015124500620019826000550026030000250031565000580034065000570039865000430045565100650049817603BD-RjUL20211209000151.0140217r19611954nyu 000 1 eng a(BD-RjUL)17661 aDLCcDLCdBD-RjULbeng aeng00a821.9109219bBLL 19611 aBlackmur, R. P.q(Richard P.),d1904-1965.10aLanguage as gesture :bessays in poetry /cR. P.Blackmur. aLondon :bG. Allen & Unwin,cc1954 [reprint 1961]. avi, 440 p. ;c21 cm. 0aAmerican poetryy20th centuryxHistory and criticism. 0aEnglish poetryy20th centuryxHistory and criticism. 0aCriticismzEnglish-speaking countries. 0aEnglish-speaking countriesxIntellectual lifey20th century.